• 首页
  • 本馆介绍
  • 公告通知
  • 最新文献
  • 馆藏检索
  • 电子资源
  • 读者导购
  • 参考咨询
  • 我的图书馆
  • 登录
  • 详细信息显示
  • 放入我的书架
  • 预约/预借图书
  • 作者相关作品
  • 分类相关作品
  • 丛书相关作品
  • 出版社相关作品

书目信息

  • 表格格式
  • 工作单格式
  • 卡片格式
题名:
大地物理学
    
 
作者: 马格尼茨基 著
分册:  
出版信息: 北京   地质出版社  1956
页数: 408页
开本: 21cm
丛书名:
单 册:
中图分类: P31
科图分类:
主题词: 岩石--物理学 , 固体地球物理学
电子资源:
ISBN:
000 00558nam0 2200205 450
001 0657259996
005 20060727145550.53
010    @dCNY2.30
100    @a20060518d1956 km y0chiy0120 ea
101 0  @achi
102    @aCN@b110000
200 1  @a大地物理学@Ada di wu li xue@fВ·А·马格尼茨基著@FВ·А·ma ge ni ci ji zhu
210    @a北京@c地质出版社@d1956
215 1  @a408页@d21cm
606 0  @a岩石@x物理学
606 0  @a固体地球物理学
690    @aP31@v4
701  0 @a马格尼茨基@Ama ge ni ci ji@4著
801  0 @aCN@bPFT@c20060727
905    @a10447@dP31@e2
    
    大地物理学/В·А·马格尼茨基著.-北京:地质出版社,1956
    408页;21cm
    
    
    ISBN :CNY2.30
    
●
相关链接 在E读中查询图书 在五车中查询图书 在当当中查询图书 在豆瓣中查询图书


正题名:大地物理学     索取号:P31/2         预约/预借

序号 登录号 条形码 馆藏地/架位号 状态 备注
1 0015844   202349217   密集书库/ [索取号:P31/2] 在馆    
2 0433690   204336904   密集书库/ [索取号:P31/2] 在馆    
唐山师范学院图书馆 欢迎您!
大连网信软件有限公司© 版权所有